Business engineering with object technology

Αποθηκεύτηκε σε:
Λεπτομέρειες βιβλιογραφικής εγγραφής
Κύριος συγγραφέας: Taylor, David A., 1943-
Μορφή: Βιβλίο
Γλώσσα:English
Δημοσίευση: New York : Wiley, c1995
Θέματα:
Ετικέτες: Προσθήκη ετικέτας
Δεν υπάρχουν, Καταχωρήστε ετικέτα πρώτοι!

MARC

LEADER 00000nam a2200000 i 4500
001 1/4352
008 000526s1995 eng d
020 |a 0471045217 
035 |l 10061155 
040 |a GR-MY-UA  |b gre  |e aacr 
041 0 |a eng 
082 0 |a 658.4038011 
100 1 |a Taylor, David A.,   |d 1943- 
245 1 0 |a Business engineering with object technology /  |c David A. Taylor 
260 |a New York :   |b Wiley,   |c c1995 
300 |a 187 p.;  |b ill.;  |c 24 cm. 
504 |a Includes bibliographical references and index 
650 0 0 |a Object-oriented methods (Computer science) 
650 0 0 |a Business  |x Data processing. 
852 |a INST  |b SAMOS  |e 20000526  |h 658.4038011 TAY  |p 005300015355  |q 005300015355  |t BK  |y 0 
901 |a BIBL3-2000-2 
909 |a Σ  |b 075110 
922 |a 3ΕΛΗ  |b 200003  |c ΤΠΕΣ/ΤΑΚΤ  |d ΠΑΠΑΣΩΤΗΡΙΟΥ 
970 |a ΠΟΥΡΝΑΡΑΣ  |b ΔΗΜΗΤΡΗΣ  |z 2000/05/26